000 00276nam a2200109Ia 4500
008 190913s9999||||xx |||||||||||||| ||und||
100 _aJohn Chirillo
245 2 _aA Complete Reference for UNIX, Windows
260 _aNew Delhi
_bMcGraw Hill
_c2000
300 _a421
942 _cBK
999 _c8343
_d8343